| 000 | 00630nam a22001937a 4500 | ||
|---|---|---|---|
| 999 |
_c9745 _d9745 |
||
| 003 | GBCCL | ||
| 005 | 20241126110718.0 | ||
| 008 | 230629b ||||| |||| 00| 0 eng d | ||
| 020 | _a0310240077 | ||
| 020 | _a9780310240075 | ||
| 040 | _cgbc | ||
| 082 |
_a220.9203 _bNEW |
||
| 245 |
_aNew International encyclopedia of Bible characters : _bthe complete who's who in the Bible / _cPaul D Gardner, editor |
||
| 260 |
_aGrand Rapids : _bZondervan, _c2001 |
||
| 300 | _a688p. ; | ||
| 505 | _aoriginally published : The complete who's who in the Bible, @1995 | ||
| 650 |
_aBible _vbiography _xdictionaries _916929 |
||
| 942 |
_2ddc _cREF |
||